| 000 | 00659nam a2200229 4500 | ||
|---|---|---|---|
| 003 | AR-RoUNA | ||
| 040 |
_aAR-RoUNA _bfre _dAR-RoUNA |
||
| 044 | _aag | ||
| 100 | 1 |
_aQueneau, Raymond _927224 _d1903-1976 |
|
| 245 | 1 | 0 |
_aJoan Miró _b: ou le poete prehistorique _c/ Raymond Queneau, |
| 260 |
_aSuiza : _bAlbert Skira, _c1949 |
||
| 300 |
_a10 láminas : _bláms. _c39x29 cm |
||
| 490 |
_aLes Trésors de la peinture franc̜aise. _vv. 35 |
||
| 600 | 1 | 4 |
_aMiró, Joan _96417 _d1893-1983 |
| 650 | 4 | _aArte | |
| 650 | 4 | _aPintura | |
| 908 | _aImp | ||
| 930 | _e2689 | ||
| 942 | _2udc | ||
| 945 | _d2025-06-03 | ||
| 980 |
_65 _aMaría Machado _85 _gMaría Machado |
||
| 999 |
_c12024 _d12024 |
||